000 01380nam0a2200373 4500
001 RU\NLR\bibl\1249632
005 20260409073534.0
010 _a978-5-86775-237-8
_910000
021 _aRU
_b2008-36792
_92024
021 _aRU
_b2011-61771
_94340
021 _aRU
_b2012-42259
_93129
021 _aRU
_b2013-7851
_9567
035 _a(NLR Aleph) 001235746
090 _a226980
_c226980
100 _a20080707d2008 |||y0rusy50 ca
101 0 _arus
102 _aRU
105 _aa |||||||||
200 1 _aЧтение с увлечением
_eдля занятий с детьми от 6 до 7 лет
_f[С. Сущевская]
210 _aМосква
_cМозаика-Синтез
_d2008
215 _a16, [1] с., [4] л. цв. ил., наклеек
_cцв. ил.
_d29
225 1 _aШкола семи гномов
_eседьмой год
_v10.08
225 1 _aКнижка с игрой и наклейками!
300 _aАвт. указан в вып.дан.
606 _8rus
_aДошкольники
_xОбучение чтению
_7ca
_3RU\NLR\auth\661265029
_92089883
686 _aЧ411.382.1
686 _aЧ491.7
700 1 _aСущевская
_bС. А.
_gСветлана Александровна
_4070
801 0 _aRU
_bNLR
_c20050623
_grcr
801 1 _aRU
_bNLR
_c20050623
830 _aАвт. по эк
942 _cBOOK
980 _aNB